| 000 | 00526 a2200145 4500 | ||
|---|---|---|---|
| 001 | ART_42722 | ||
| 005 | 20260410161737.0 | ||
| 008 | 260409a | ||
| 245 | 1 | 0 | _aPymes: la obtención de financiamiento en el mercado de capitales |
| 100 | 1 | _aChapto, Alejandro Miguel | |
| 700 | 1 | _aFerreira, Eitel | |
| 700 | 1 | _aSzewach, Enrique | |
| 700 | 1 | _aGarbarsky, Jaime | |
| 773 | 0 |
_tEjecutivos de finanzas _gPymes: la obtención de financiamiento en el mercado de capitales - Año 12, Nº 127 (jul. 1996) _wREV2863 |
|
| 999 |
_c18372 _d18372 |
||